000 00828nam a2200241Ii 4500
003 JO-AjNU
008 230605s9999||||xx |||||||||||||| ||und||
017 _a2007/6166
020 _a978-99901-38-15-3
040 _aJO-AjNU
_bara
_erda
_cJO-AjNU
041 _aara
050 1 4 _aBP145 2007
100 3 _aحامد،عبد السلام صبحي,
_eauthor
_953133
245 0 0 _aالمدخل الى فقه التشريع الإسلامي
250 _aط1
264 3 1 _aالبحرين: جامعة العلوم التطبيقية، 2007
300 _a256ص
336 _atext
_btxt
_2rdacontent
337 _aunmediated
_bn
_2rdamedia
338 _avolume
_bnc
_2rdacarrier
490 0 _aسلسلة الكتب القانونية
650 4 _aالفقه الاسلامي- الشريعة الاسلامية- مذاهب
_953134
999 _aA23579
_c27147
_d27147